Psychológia na pracovisku
Gespeichert in:
| 1. Verfasser: | |
|---|---|
| Weitere Verfasser: | |
| Format: | Buch |
| Sprache: | Slowakisch |
| Veröffentlicht: |
Bratislava
Obzor
1979
|
| Schriftenreihe: | Malá moderná encyklopédia
|
| Tags: |
Keine Tags, Fügen Sie das erste Tag hinzu!
|
MARC
| LEADER | 00000nam a2200000 4500 | ||
|---|---|---|---|
| 001 | c119799 | ||
| 005 | 20221128070849.6 | ||
| 041 | 0 | |a slo | |
| 044 | |a SK | ||
| 245 | 1 | 0 | |a Psychológia na pracovisku |c Teodor Kollárik, Milan Kubalák |
| 264 | 1 | |a Bratislava |b Obzor |c 1979 | |
| 300 | |a 193 s. | ||
| 490 | 1 | |a Malá moderná encyklopédia | |
| 830 | 0 | |a Malá moderná encyklopédia | |
| 100 | 1 | |a Kollárik, Teodor | |
| 700 | 1 | |a Kubalák, Milan | |